header

Serious games (Record no. 51563)

MARC details
000 -LEADER
fixed length control field 01140nam a2200301Ia 4500
082 04 - DEWEY DECIMAL CLASSIFICATION NUMBER
Classification number 371.39/7
100 1# - MAIN ENTRY--AUTHOR NAME
Personal name Michael, David R.
245 10 - TITLE STATEMENT
Title Serious games
260 ## - PUBLICATION, DISTRIBUTION, ETC. (IMPRINT)
Place of publication Boston, MA :
Name of publisher Thomson Course Technology PTR,
Year of publication 2006.
300 ## - PHYSICAL DESCRIPTION
Number of Pages xviii, 287 p. :
Other physical details ill.
500 ## - GENERAL NOTE
General note Includes index.
650 #0 - SUBJECT ADDED ENTRY--TOPICAL TERM
Topical Term Computer games.
Topical Term Educational games.
700 1# - ADDED ENTRY--PERSONAL NAME
Personal name Chen, Sande.
856 40 - ELECTRONIC LOCATION AND ACCESS
Uniform Resource Identifier http://site.ebrary.com/lib/rucke/Doc?id=10087000

No items available.

© 2026 Rongo University
Contact us: librarian | system librarian | Rongo university